[Event "Cologne Longerich op-B 12th"]
[Site "Cologne"]
[Date "2013.07.22"]
[Round "4"]
[White "Oerder, Timon"]
[Black "Lennartz, Ludwig"]
[Result "1-0"]
[WhiteElo "1323"]
[BlackElo "1512"]
[PlyCount "64"]
[EventDate "2013.07.19"]
[EventType "tourn"]
[EventRounds "5"]
[EventCountry "GER"]
[SourceTitle "EXT 2017"]
[Source "ChessBase"]
[SourceDate "2016.10.25"]
[SourceVersion "1"]
[SourceVersionDate "2016.10.25"]
[SourceQuality "1"]

1. d4 Nf6 2. c4 g6 3. Nc3 d6 4. Nf3 Bg7 5. Bg5 0-0 6. e4 Nbd7 7. Be2 c6 8. 0-0 Qe8 9. Qd2 e5 10. Bd3 exd4 11. Nxd4 Nc5 12. Rfe1 Ng4 13. Bc2 Qe5 14. Nf3 Qe6 15. h3 Ne5 16. Qe2 Nxf3+ 17. Qxf3 Qxc4 18. Be7 Re8 19. Bxd6 Ne6 20. Bb3 Qd4 21. e5 Qf4 22. Qd3 Qg5 23. Re4 Nf4 24. Qf3 Bh6 25. Kf1 Bf5 26. Rb4 Bd3+ 27. Kg1 Qf5 28. g4 Ne2+ 29. Qxe2 Bxe2 30. gxf5 Ba6 31. f6 Rad8 32. Rd1 Bf4 1-0

[Event "Cologne Longerich op 09th"]
[Site "Cologne"]
[Date "2012.08.05"]
[Round "3"]
[White "Kronseder, Michael"]
[Black "Oerder, Timon"]
[Result "1-0"]
[WhiteElo "1549"]
[BlackElo "1332"]
[PlyCount "77"]
[EventDate "2012.08.03"]
[EventType "tourn"]
[EventRounds "5"]
[EventCountry "GER"]
[SourceTitle "EXT 2017"]
[Source "ChessBase"]
[SourceDate "2016.10.25"]
[SourceVersion "1"]
[SourceVersionDate "2016.10.25"]
[SourceQuality "1"]

1. Nf3 Nf6 2. g3 g6 3. Bg2 Bg7 4. 0-0 0-0 5. c4 d6 6. d4 Nbd7 7. Nc3 e5 8. d5 Ne8 9. Bg5 f6 10. Bd2 f5 11. Qc1 Rf7 12. Ng5 Rf6 13. Ne6 Qe7 14. Bg5 Nb6 15. Bxf6 Bxf6 16. b3 Bxe6 17. dxe6 c6 18. e4 Qxe6 19. Qe3 f4 20. gxf4 exf4 21. Qd3 Nd7 22. Bh3 Qe7 23. Bxd7 Qxd7 24. Qf3 Be5 25. Rad1 Nf6 26. Ne2 Rf8 27. h3 g5 28. Nd4 g4 29. hxg4 Nxg4 30. Nf5 Kh8 31. Kh1 Rg8 32. Rg1 Qf7 33. Rg2 Qh5+ 34. Kg1 c5 35. Rd3 Qg6 36. Ne7 Qg5 37. Nxg8 Nh2 38. Qh3 f3 39. Rxg5 1-0

[Event "Cologne Longerich op 7th"]
[Site "Cologne"]
[Date "2010.08.01"]
[Round "4"]
[White "Margenberg, Volker"]
[Black "Oerder, Timon"]
[Result "1-0"]
[WhiteElo "1550"]
[BlackElo "1195"]
[PlyCount "33"]
[EventDate "2010.07.30"]
[EventType "swiss"]
[EventRounds "5"]
[EventCountry "GER"]
[SourceTitle "EXT 2011"]
[Source "ChessBase"]
[SourceDate "2010.11.26"]
[SourceVersion "1"]
[SourceVersionDate "2010.11.26"]
[SourceQuality "1"]

1. d4 Nf6 2. c4 g6 3. Nc3 Bg7 4. e4 d6 5. Nf3 0-0 6. Be2 e5 7. d5 a5 8. h3 Ne8 9. g4 f5 10. gxf5 gxf5 11. Bg5 Qd7 12. Qd2 Nf6 13. exf5 Qxf5 14. Nh4 Ne4 15. Nxf5 Nxd2 16. Ne7+ Kf7 17. Bh5# 1-0

[Event "Cologne Longerich op 7th"]
[Site "Cologne"]
[Date "2010.07.31"]
[Round "3"]
[White "Oerder, Timon"]
[Black "Jordans, Ralph"]
[Result "0-1"]
[WhiteElo "1195"]
[BlackElo "1812"]
[PlyCount "74"]
[EventDate "2010.07.30"]
[EventType "swiss"]
[EventRounds "5"]
[EventCountry "GER"]
[SourceTitle "EXT 2011"]
[Source "ChessBase"]
[SourceDate "2010.11.26"]
[SourceVersion "1"]
[SourceVersionDate "2010.11.26"]
[SourceQuality "1"]

1. d4 Nf6 2. c4 g6 3. Nc3 Bg7 4. e4 d6 5. Nf3 0-0 6. Be3 Ng4 7. Be2 Nxe3 8. fxe3 Nd7 9. Qc2 c6 10. 0-0-0 Qc7 11. h4 h5 12. Ng5 Nf6 13. d5 Bg4 14. Nh3 Qb6 15. Rd3 Bxe2 16. Qxe2 Ng4 17. Nf2 Ne5 18. Rd2 Qb4 19. g4 Qxc4 20. gxh5 Qxe2 21. Rxe2 gxh5 22. Nh3 Kh7 23. Rf1 Bf6 24. Nf4 Kh6 25. Rh1 Rg8 26. Rg2 Rxg2 27. Nxg2 Rg8 28. Nf4 Rg4 29. Nce2 Nc4 30. dxc6 bxc6 31. Rh3 Bxb2+ 32. Kc2 Bf6 33. Kd3 Ne5+ 34. Kd2 Rxh4 35. Ng3 Rxh3 36. Nf5+ Kh7 37. Nxh3 Kg8 0-1

[Event "Cologne Longerich op 6th"]
[Site "Cologne"]
[Date "2009.08.23"]
[Round "5"]
[White "Oerder, Timon"]
[Black "Rieger, Isabelle"]
[Result "0-1"]
[WhiteElo "957"]
[BlackElo "1253"]
[PlyCount "66"]
[EventDate "2009.08.21"]
[EventType "swiss"]
[EventRounds "5"]
[EventCountry "GER"]
[SourceTitle "EXT 2012"]
[Source "ChessBase"]
[SourceDate "2011.11.24"]
[SourceVersion "1"]
[SourceVersionDate "2011.11.24"]
[SourceQuality "1"]

1. d4 Nf6 2. c4 g6 3. Nc3 Bg7 4. e4 d6 5. Nge2 0-0 6. g3 Nc6 7. Bg2 e5 8. d5 Ne7 9. Be3 Ne8 10. Qd2 f5 11. f4 Nf6 12. 0-0-0 fxe4 13. Rdf1 Bf5 14. h3 h5 15. fxe5 dxe5 16. Bh6 Qd6 17. Rf2 Qc5 18. Rhf1 e3 19. Bxe3 Qxc4 20. Bh6 Rad8 21. Qg5 Bxh6 22. Qxh6 Nfxd5 23. Qg5 Nxc3 24. Nxc3 Qe6 25. Bxb7 Bxh3 26. Rxf8+ Rxf8 27. Bd5 Rxf1+ 28. Kc2 Nxd5 29. Qd8+ Rf8 30. Qxd5 Qxd5 31. Nxd5 Rf2+ 32. Kb3 Be6 33. g4 Bxd5+ 0-1

[Event "Cologne Longerich op 6th"]
[Site "Cologne"]
[Date "2009.08.22"]
[Round "2"]
[White "Azimi, Reza"]
[Black "Oerder, Timon"]
[Result "1-0"]
[WhiteElo "1379"]
[BlackElo "957"]
[PlyCount "37"]
[EventDate "2009.08.21"]
[EventType "swiss"]
[EventRounds "5"]
[EventCountry "GER"]
[SourceTitle "EXT 2012"]
[Source "ChessBase"]
[SourceDate "2011.11.24"]
[SourceVersion "1"]
[SourceVersionDate "2011.11.24"]
[SourceQuality "1"]

1. e4 e6 2. d4 d5 3. exd5 exd5 4. Nf3 Nc6 5. c4 Nf6 6. Bg5 Be7 7. Nc3 Bf5 8. Nh4 Qd7 9. Qf3 Qe6+ 10. Be3 Nxd4 11. Qf4 Nc2+ 12. Kd2 Bd6 13. Qxf5 Nxa1 14. cxd5 Qe7 15. Bb5+ Kd8 16. Rxa1 Bb4 17. Re1 Ne4+ 18. Kc2 Qxh4 19. Qd7# 1-0

[Event "Cologne Longerich op 6th"]
[Site "Cologne"]
[Date "2009.08.21"]
[Round "1"]
[White "Oerder, Timon"]
[Black "Metul, Anton"]
[Result "0-1"]
[WhiteElo "957"]
[BlackElo "1391"]
[PlyCount "96"]
[EventDate "2009.08.21"]
[EventType "swiss"]
[EventRounds "5"]
[EventCountry "GER"]
[SourceTitle "EXT 2012"]
[Source "ChessBase"]
[SourceDate "2011.11.24"]
[SourceVersion "1"]
[SourceVersionDate "2011.11.24"]
[SourceQuality "1"]

1. d4 d5 2. c4 e6 3. Nc3 c6 4. Nf3 Nf6 5. Bg5 Be7 6. e3 Nbd7 7. Be2 h6 8. Bh4 Bb4 9. 0-0 Bd6 10. Qd3 Qc7 11. Bg3 dxc4 12. Qxc4 Nb6 13. Qd3 Nbd5 14. Bxd6 Qxd6 15. Qd2 a6 16. e4 Nxc3 17. bxc3 Nxe4 18. Qe3 Nf6 19. Ne5 Qe7 20. Qf3 Nd5 21. Rac1 Qf6 22. Qe4 Qf5 23. Qh4 Qg5 24. Qe4 Nf6 25. Qf3 Qf5 26. Qe3 Nd5 27. Qg3 g6 28. f4 h5 29. Bd3 Qf6 30. Rf3 Ne7 31. Qf2 Nf5 32. g3 Qg7 33. Bc2 f6 34. Nd3 b6 35. Bb3 a5 36. Re1 Kf7 37. Qe2 Re8 38. Ba4 b5 39. Bb3 a4 40. Bc2 Ra7 41. Nc5 Rae7 42. Qd2 Nd6 43. Rfe3 Nc4 44. Nxe6 Bxe6 45. Rxe6 Nxd2 46. Bxg6+ Qxg6 47. f5 Qxf5 48. Rxc6 Rxe1+ 0-1